| 000 | 00946cam a22003013u 4500 | ||
|---|---|---|---|
| 001 | 11479186 | ||
| 003 | OSt | ||
| 005 | 20211216104717.0 | ||
| 006 | m d | ||
| 007 | cr n | ||
| 008 | 150701s2013 ||||||||s|||||||| ||||| d | ||
| 020 | _a9781259007347 | ||
| 035 | _a(WaSeSS)ssib021835980 | ||
| 038 | _akhadija | ||
| 040 |
_aWaSeSS _cWaSeSS _dWaSeSS _erda |
||
| 082 |
_a671 _bDIX |
||
| 100 | 1 |
_aDixit, Uday S. _986722 |
|
| 210 | 1 | 0 | _aMetal Forming : |
| 245 | 1 | 0 |
_aMetal Forming : _bTechnology and Process Modelling / _cUday S. Dixit. |
| 500 | _aTitle from content provider. | ||
| 506 | _aLicense restrictions may limit access. | ||
| 563 | _aHB | ||
| 700 | 1 |
_aNarayanan, R. Ganesh. _986723 |
|
| 773 | 0 | _tAccessEngineering | |
| 856 | 4 | 0 |
_uhttp://www.columbia.edu/cgi-bin/cul/resolve?clio11479186 _zFull text available from AccessEngineering |
| 910 | _aSerials Solutions supplemental brief record | ||
| 942 |
_2ddc _cBK |
||
| 999 |
_c33761 _d33761 |
||